[Event "Challenge"]
[Site "http://www.queenalice.com/game.php?id=189357"]
[Date "2007.3.29"]
[Round "-"]
[White "rodrical"]
[Black "arq40"]
[Result "0-1"]
[WhiteElo "1614"]
[BlackElo "1749"]

1. d4 d5 2. c4 e6 3. Nf3 Nf6 4. e3 c6 5. Bd2 Be7 6. Qb3 Nbd7 7. Bd3 h6 8. O-O
O-O 9. Nc3 Re8 10. Rfe1 Qc7 11. e4 dxe4 12. Nxe4 a6 13. a4 Nxe4 14. Bxe4 Nf6 15.
Bd3 Bd6 16. c5 Be7 17. h3 Rd8 18. Qc3 Nd5 19. Qc2 Nf4 20. Bxf4 Qxf4 21. Re4 Qc7
22. b4 Bf6 23. Rae1 b5 24. a5 Rd5 25. h4 Qd7 26. Qb2 Bb7 27. Rd1 Qc7 28. Bc2
Rad8 29. Bb3 R5d7 30. g4 g6 31. g5 Bg7 32. Qd2 h5 33. Qe3 Bc8 34. Bxe6 fxe6 35.
Rxe6 Rf7 36. Rxg6 Bf5 37. Rd6 Rxd6 38. cxd6 Qxd6 39. Qe8+ Rf8 40. Qxh5 Qg6 41.
Qxg6 Bxg6 42. Kg2 Be4 43. Re1 Bxf3+ 44. Kg3 Bd5 45. f4 Bxd4 46. Kg4 Bc3 0-1

[Event "Challenge"]
[Site "http://www.queenalice.com/game.php?id=189358"]
[Date "2007.3.29"]
[Round "-"]
[White "rodrical"]
[Black "RobertoRichter"]
[Result "1-0"]
[WhiteElo "1500"]
[BlackElo "1443"]

1. d4 d5 2. c4 dxc4 3. Nf3 Qd5 4. Nc3 Qd8 5. Qa4+ c6 6. Qxc4 b5 7. Qd3 Qa5 8.
Bd2 b4 9. Ne4 g6 10. Nc5 e6 11. a3 Na6 12. Qe4 1-0

[Event "Challenge"]
[Site "http://www.queenalice.com/game.php?id=193619"]
[Date "2007.4.8"]
[Round "-"]
[White "rodrical"]
[Black "Airesoliveira"]
[Result "1-0"]
[WhiteElo "1609"]
[BlackElo "1384"]

1. d4 d5 2. c4 e6 3. Nf3 Bb4+ 4. Bd2 Nc6 5. e3 g5 6. cxd5 Qxd5 7. Nc3 Qa5 8. a3
Bd6 9. Ne4 Qd5 10. Nfxg5 Be7 11. Qh5 Qxe4 12. Qxf7+ Kd7 13. Nxe4 Nh6 14. Qg7 Nf7
15. Qxf7 Nd8 16. Nf6+ Kd6 17. Bb4+ Kc6 18. Qxe7 a5 19. Qc5# 1-0

[Event "AUTO-INT-425"]
[Site "http://www.queenalice.com/game.php?id=200017"]
[Date "2007.4.20"]
[Round "1"]
[White "eduxarapov"]
[Black "rodrical"]
[Result "0-1"]
[WhiteElo "1454"]
[BlackElo "1653"]

1. e4 Nc6 2. f4 d5 3. exd5 Qxd5 4. Nc3 Qd6 5. d3 Nf6 6. Ne4 Nxe4 7. dxe4 e5 8.
fxe5 Qb4+ 9. c3 Qxe4+ 10. Qe2 Qxe5 11. Nf3 Qxe2+ 12. Bxe2 Bg4 13. O-O Bc5+ 14.
Kh1 O-O 15. Bc4 Rfe8 16. Ng5 Re7 17. Bxf7+ Kh8 18. Bf4 h6 19. Ne6 Bd6 20. h3
Bxe6 21. Bxd6 cxd6 22. Bg6 Bd5 23. Rf2 Bc4 24. b3 Ne5 25. Bc2 Bd3 26. Bxd3 Nxd3
27. Rf3 Re1+ 28. Rf1 Rxa1 29. Rxa1 d5 30. Rf1 b5 31. Rf5 Rd8 32. g4 g6 33. Rf6
Kg7 34. Rf3 Nc1 35. Kg2 Nxa2 36. h4 b4 37. c4 dxc4 38. bxc4 Rb8 39. Kg3 b3 40.
c5 b2 41. g5 hxg5 42. hxg5 b1=Q 43. Rf6 Rb3+ 44. Kf4 Qc1+ 45. Ke5 Qxc5+ 46. Ke6
Rb6+ 47. Kd7 Qd5+ 48. Ke7 Rb7+ 49. Ke8 Qd7# 0-1

[Event "AUTO-INT-425"]
[Site "http://www.queenalice.com/game.php?id=200018"]
[Date "2007.4.20"]
[Round "1"]
[White "rodrical"]
[Black "eduxarapov"]
[Result "1-0"]
[WhiteElo "1722"]
[BlackElo "1466"]

1. d4 d5 2. c4 Nf6 3. Nf3 Bf5 4. Nc3 dxc4 5. e3 e6 6. Bxc4 Bb4 7. Qa4+ c6 8.
Qxb4 Na6 9. Qxb7 Nc7 10. Ne5 O-O 11. Qxc6 Ng4 12. f3 Nxe3 13. Bxe3 Qh4+ 14. g3
Qh3 15. Qxc7 Qh5 16. d5 Qxf3 17. Nxf3 Rac8 18. Qf4 h6 19. g4 Bc2 20. Bb5 g5 21.
Qe5 f6 22. Qxe6+ Kg7 23. d6 Rb8 24. O-O Kg6 25. Bxa7 Rb7 26. Bc5 h5 27. d7 Rd8
28. Be7 hxg4 29. Ne5+ Kh5 30. Bxd8 Kh4 31. Qxg4# 1-0

[Event "AUTO-INT-425"]
[Site "http://www.queenalice.com/game.php?id=200029"]
[Date "2007.4.20"]
[Round "1"]
[White "Macuei"]
[Black "rodrical"]
[Result "1-0"]
[WhiteElo "1757"]
[BlackElo "1697"]

1. e4 e5 2. Nf3 Nc6 3. d4 d5 4. dxe5 dxe4 5. Qxd8+ Kxd8 6. Ng5 Nxe5 7. Nxe4 Bf5
8. Bd3 Nf6 9. Nc5 Bxc5 10. Bxf5 g6 11. Bh3 Ne4 12. O-O f5 13. Bh6 Re8 14. a3 b5
15. b4 Bb6 16. Be3 Bxe3 17. fxe3 Nc4 18. Rd1+ Kc8 19. c3 Nxe3 20. Rd3 Nc2 21.
Ra2 Ne1 22. Re3 Kb7 23. Rxe1 Nd6 24. Rae2 Rxe2 25. Rxe2 h5 26. g3 g5 27. Bg2+ c6
28. Re7+ Kb6 29. Re6 Rd8 30. Nd2 Kc7 31. Re7+ Kc8 32. Bxc6 Ne4 33. Nxe4 fxe4 34.
Rxe4 a6 35. Re8 Kc7 36. Rxd8 Kxd8 37. Bb7 Kc7 38. Bxa6 Kb6 39. Bc8 Kc7 40. Bf5
Kd6 41. Kf2 Kd5 42. Ke2 Kc4 43. Bd7 Kxc3 44. Bxb5 Kb3 45. Be8 Kc4 46. b5 Kc5 47.
a4 h4 48. Kf3 hxg3 49. hxg3 Kb6 50. Kg4 Ka5 51. Kxg5 Kxa4 52. Kf6 1-0

[Event "AUTO-INT-425"]
[Site "http://www.queenalice.com/game.php?id=200030"]
[Date "2007.4.20"]
[Round "1"]
[White "rodrical"]
[Black "Macuei"]
[Result "1-0"]
[WhiteElo "1685"]
[BlackElo "1653"]

1. d4 d5 2. c4 Bf5 3. Qb3 c6 4. Qxb7 Nd7 5. Qxc6 Rc8 6. Qa6 dxc4 7. Nc3 e6 8. e4
Bg6 9. Bxc4 Bb4 10. e5 Bf5 11. Nf3 Nb6 12. Bb5+ Kf8 13. Qxa7 h6 14. a3 Ne7 15.
axb4 Ra8 16. Qxb6 Rb8 17. Qxd8+ Rxd8 18. O-O g5 19. Rd1 Kg7 20. Ra7 Nd5 21. Nxd5
Rxd5 22. Bc6 Rdd8 23. b5 Bg4 24. b6 Rc8 25. Be4 Rhd8 26. b7 Rb8 27. Rd3 Bf5 28.
Bxf5 exf5 29. d5 Rd7 30. d6 Rbxb7 31. Rxb7 Rxb7 32. d7 Rc7 33. Bd2 Ra7 34. d8=Q
Ra1+ 35. Be1 g4 36. Qf6+ Kg8 37. Rd8+ Kh7 38. Qxf7# 1-0

[Event "AUTO-INT-425"]
[Site "http://www.queenalice.com/game.php?id=200035"]
[Date "2007.4.20"]
[Round "1"]
[White "Koukin"]
[Black "rodrical"]
[Result "0-1"]
[WhiteElo "1293"]
[BlackElo "1668"]

1. e4 c5 2. e5 Nc6 3. Nf3 Qc7 4. d4 cxd4 5. c3 Nxe5 6. cxd4 Nxf3+ 7. gxf3 Nf6 8.
Nc3 g6 9. Bd3 Bg7 10. Bd2 e6 11. Qc2 d5 12. Bb5+ Bd7 13. O-O-O O-O 14. Rhg1 a6
15. Bxd7 Qxd7 16. h4 Rac8 17. f4 b5 18. Qd3 b4 19. h5 bxc3 20. bxc3 Ne4 21. hxg6
fxg6 22. f5 Nxf2 23. Qe2 Rxf5 24. Rdf1 Bxd4 25. Be1 Qa4 26. Rxf2 Rxf2 27. Qxf2
Bxf2 28. Bxf2 Rxc3+ 29. Kd2 Qc2+ 30. Ke1 Qd3 31. Rg3 Rc1# 0-1

[Event "AUTO-INT-425"]
[Site "http://www.queenalice.com/game.php?id=200036"]
[Date "2007.4.20"]
[Round "1"]
[White "rodrical"]
[Black "Koukin"]
[Result "1-0"]
[WhiteElo "1665"]
[BlackElo "1432"]

1. d4 d5 2. c4 e6 3. Nf3 Nc6 4. e3 Bb4+ 5. Bd2 dxc4 6. Bxc4 b6 7. Qa4 a6 8.
Qxc6+ Bd7 9. Qe4 Nf6 10. Qf4 O-O 11. Bxb4 a5 12. Bxf8 Qxf8 13. O-O h6 14. Qxc7
Rc8 15. Qxb6 Rxc4 16. Ne5 Bb5 17. Qxb5 Rb4 18. Qd3 Rxb2 19. Nd2 a4 20. Ndc4 a3
21. Nxb2 axb2 22. Rab1 Qb8 23. Qc2 Nh5 24. Rxb2 f6 25. Rxb8# 1-0

[Event "Challenge"]
[Site "http://www.queenalice.com/game.php?id=203463"]
[Date "2007.4.28"]
[Round "-"]
[White "rodrical"]
[Black "RobertoRichter"]
[Result "1-0"]
[WhiteElo "1634"]
[BlackElo "1425"]

1. d4 d5 2. c4 dxc4 3. Nf3 Nc6 4. e4 e6 5. Bxc4 Na5 6. b3 c5 7. Bb5+ Bd7 8. Qd3
a6 9. Bxd7+ Qxd7 10. Ne5 Qb5 11. Be3 Qxd3 12. Nxd3 c4 13. b4 cxd3 14. bxa5 Rc8
15. O-O Nf6 16. f3 Bb4 17. Bd2 Bxd2 18. Nxd2 O-O 19. Nb3 b5 20. Rfd1 Rc3 21. Nc5
Nh5 22. Nxd3 g5 23. g3 f5 24. Nc5 fxe4 25. Nxe4 Rcxf3 26. Nxg5 Re3 27. Rf1 Rf5
28. Rxf5 exf5 29. Nh3 Rd3 30. Rf1 Ng7 31. Rf4 Kf7 32. Kf2 Rd2+ 33. Kg1 Kf6 34.
g4 Rxa2 35. Rf1 b4 36. Rb1 fxg4 37. Nf2 Rxa5 38. Rxb4 h5 39. Kg2 Nf5 40. h3 Kg5
41. hxg4 hxg4 42. d5 Ne3+ 43. Kg3 Nf5+ 44. Kg2 g3 45. Ne4+ Kh5 46. Nxg3+ Nxg3
47. Kxg3 Rxd5 48. Ra4 Rd6 49. Kf4 Kg6 50. Ke5 Rf6 51. Kd5 Rf5+ 52. Kc6 a5 53.
Kb6 Rd5 54. Rxa5 Rd6+ 55. Kc7 Kf6 56. Kxd6 Kf7 57. Rf5+ Kg6 58. Ke6 Kg7 59. Rg5+
Kf8 60. Rg6 Ke8 61. Rg8# 1-0

[Event "Challenge"]
[Site "http://www.queenalice.com/game.php?id=210392"]
[Date "2007.5.13"]
[Round "-"]
[White "rodrical"]
[Black "sunking"]
[Result "0-1"]
[WhiteElo "1735"]
[BlackElo "1647"]

1. d4 d5 2. c4 dxc4 3. Nf3 Nc6 4. e4 Nf6 5. Nc3 Ng4 6. Bxc4 e5 7. d5 Nd4 8. Nxd4
exd4 9. Qxd4 Bb4 10. Qxg7 Bxc3+ 11. bxc3 Rf8 0-1

[Event "Challenge"]
[Site "http://www.queenalice.com/game.php?id=211878"]
[Date "2007.5.16"]
[Round "-"]
[White "Kronista"]
[Black "rodrical"]
[Result "1-0"]
[WhiteElo "1768"]
[BlackElo "1673"]

1. e4 c5 2. Nf3 Nc6 3. d4 cxd4 4. Nxd4 Nxd4 5. Qxd4 d6 6. Nc3 e5 7. Qd1 Nf6 8.
Bg5 Be7 9. Bb5+ Bd7 10. O-O Bxb5 11. Nxb5 Nxe4 12. Bxe7 Qxe7 13. f3 Ng5 14. Qxd6
Kf8 15. Rfe1 f6 16. Rad1 Nf7 17. Qc7 g5 18. Rd7 Qe8 19. Nd6 Qxd7 20. Qxd7 Nxd6
21. Qxd6+ Kg7 22. Rd1 Rhf8 23. Qc7+ Kg6 24. Rd7 h5 25. Qxb7 Rg8 26. Qe4+ 1-0

[Event "Challenge"]
[Site "http://www.queenalice.com/game.php?id=214215"]
[Date "2007.5.21"]
[Round "-"]
[White "alexnu"]
[Black "rodrical"]
[Result "0-1"]
[WhiteElo "1234"]
[BlackElo "1735"]

1. g4 d5 2. Bg2 Bxg4 3. c4 c6 4. Qb3 e6 5. Qxb7 Nd7 6. Qxc6 Ne7 7. Qa4 Rc8 8.
Nc3 Rxc4 9. Qxa7 Nc6 10. Qe3 Bc5 11. Qg3 Nd4 12. Qd3 Ne5 13. Qb1 Bb4 14. h3 Bh5
15. f4 Qh4+ 16. Kd1 Qxf4 17. d3 Qf2 18. Be3 Qxe3 19. dxc4 Bxc3 20. bxc3 Bxe2+
21. Nxe2 Qxe2+ 22. Kc1 Nd3+ 23. Qxd3 Qxd3 24. cxd4 Qxd4 25. cxd5 Qxa1+ 26. Kd2
Qxa2+ 0-1

[Event "Challenge"]
[Site "http://www.queenalice.com/game.php?id=216145"]
[Date "2007.5.25"]
[Round "-"]
[White "rodrical"]
[Black "jose50"]
[Result "0-1"]
[WhiteElo "1674"]
[BlackElo "1945"]

1. d4 d5 2. c4 e6 3. Qb3 Nc6 4. Nf3 Bb4+ 5. Bd2 dxc4 6. Qxc4 Qd6 7. a3 Bxd2+ 8.
Nbxd2 Nf6 9. e4 Qd8 10. e5 Nd5 11. g3 Bd7 12. Bg2 f6 13. Ne4 Qe7 14. O-O O-O-O
15. Qb3 h5 16. Nh4 Qf7 17. Nc5 b6 18. Qa4 bxc5 19. dxc5 fxe5 20. Rfe1 Rhf8 21.
Re2 Nd4 22. Qa6+ Kb8 23. Rxe5 Bb5 24. Qa5 Qxf2+ 25. Kh1 Qxb2 26. Ree1 Bd3 27.
Bxd5 exd5 28. Rad1 Be4+ 29. Kg1 Qf2# 0-1

[Event "AUTO-INT-425"]
[Site "http://www.queenalice.com/game.php?id=252531"]
[Date "2007.8.7"]
[Round "2"]
[White "jpzenitram"]
[Black "rodrical"]
[Result "1-0"]
[WhiteElo "1824"]
[BlackElo "1684"]

1. e4 c6 2. d4 d5 3. Nc3 Qa5 4. Bd2 Qb6 5. b3 Qxd4 6. exd5 cxd5 7. Nf3 Qc5 8.
Be2 g6 9. Nb5 Bd7 10. Be3 Qb4+ 11. Bd2 Qc5 12. b4 Qb6 13. Be3 Qd8 14. Qxd5 Na6
15. Qxb7 Qc8 16. Qd5 Nf6 17. Qe5 Kd8 18. Ng5 Be6 19. Bxa7 Bg7 20. Bb6+ Ke8 21.
Nxe6 fxe6 22. O-O-O Kf7 23. Qf4 h6 24. Bd3 g5 25. Qf3 Nxb4 26. a3 Nd5 27. Bd4
Rf8 28. Rhe1 Kg8 29. Qh3 g4 30. Qh4 Nf4 31. Bxf6 exf6 32. Qxg4 Nxd3+ 33. Rxd3 e5
34. Qg6 Qc6 35. Nd6 Qc5 36. Nf5 Rf7 37. Red1 Qa5 38. Nxh6+ 1-0

[Event "AUTO-INT-425"]
[Site "http://www.queenalice.com/game.php?id=252532"]
[Date "2007.8.7"]
[Round "2"]
[White "rodrical"]
[Black "jpzenitram"]
[Result "0-1"]
[WhiteElo "1697"]
[BlackElo "1815"]

1. d4 d5 2. c4 Nf6 3. cxd5 Nxd5 4. Nc3 Nf6 5. e4 g6 6. e5 Nd5 7. Nf3 Nxc3 8.
bxc3 Bg7 9. Bg5 Nc6 10. Bb5 Bd7 11. Bxc6 Bxc6 12. O-O O-O 13. Re1 f6 14. Bh4 f5
15. Ng5 Qd5 16. f3 e6 17. Nh3 a5 18. Nf4 Qc4 19. Qd2 a4 20. Be7 Rfe8 21. Bb4
Rad8 22. Rab1 Bh6 23. g3 Bxf3 24. Qf2 Be4 25. Nh5 gxh5 26. g4 hxg4 27. Qh4 Bd2
28. Rxe4 fxe4 29. Rf1 Bxc3 30. Qxg4+ Kh8 31. Rf7 Rg8 0-1